| 000 | 00875nam0a22002531 4500 | ||
|---|---|---|---|
| 001 | v19\rc\1271415 | ||
| 005 | 20250618004300.0 | ||
| 035 | _a(NLR Aleph) 004423537 | ||
| 090 |
_a4169323 _c4169323 |
||
| 100 | _a20060306d1895 |||y0rusy50 ca | ||
| 101 | 0 | _arus | |
| 102 | _aRU | ||
| 105 | _aa z ||||| | ||
| 200 | 1 | _aНа оторванной льдине | |
| 210 |
_a[Санкт-Петербург] _cВ.А. Березовский _dценз. 1895 |
||
| 215 |
_a16 с. _cил. _d17 |
||
| 225 | 1 |
_aСолдатская библиотека _e4-й комплект _v№ 73 |
|
| 300 | _aВ конце текста авт.: К. Тхоржевский | ||
| 700 | 1 |
_aТхоржевский _bК.В. _f1858-1896 _gКорнелий Владиславович |
|
| 801 | 0 |
_aRU _bNLR _gpsbo |
|
| 801 | 1 |
_aRU _bProSoft-M _2rusmarc |
|
| 852 |
_aNLR _j20.96.5.204 |
||
| 942 | _cBOOK | ||
| 980 | _aNB | ||